000 00974nam a2200289 i 4500
001 000009917
003 DO-SdBNP
005 20260407103816.0
007 ta
008 091002s1974 sp 000 p spa d
040 _aDO-SdBNP
_bspa
_cBNPHU
_erda
041 _aspa
082 4 _aRD861.44
_bD568e
_222
100 1 _aDíez de Planas, Meche
_eautor
_924848
_4aut.
245 1 0 _aEste regreso sin fin :
_bpoemas 1956-1973 /
_cMeche Díaz de Planas ; ilustración Gilberto Hernández Ortega.
264 _aBarcelona :
_bGrafos, S. A.,
_c[1974].
300 _a102 páginas :
_bilustraciones ;
_c22 cm.
336 _atexto
_btxt
_2rdacontent
337 _asin mediación
_bn
_2rdamedia
338 _avolumen
_bnc
_2rdacarrier
590 _aInventariado, 2019/MFF
650 0 _aPoesía dominicana
_966
650 0 _aLiteratura dominicana.
_967
700 1 _aHernández Ortega, Gilberto
_eilustrador
_911311
_4il.
910 _aValidado. Control de calidad MFF
942 _2ddc
_cLBS1
999 _c9676
_d9676